00681nam a2200193Ia 4500952015200000999001700152003000400169005001700173008004100190020001800231040000900249082001800258100002800276245006800304260003700372300000900409650002700418942004200445 00102ddc40708MATHEMATICSaMESbMEScMATd2019-02-20g550.00l9m5o515.35 RAI/Op37140r2026-06-03 09:59:16s2026-04-24w2019-02-20yBKzGL24R3 c32423d32423OSt20200803111802.0190216s9999||||xx |||||||||||||| ||und|| a9788121908924 coclc a515.35bRAI/O aRaisinghania, M D93881 0aOrdinary And Partial Differential Equations /cM D Raisinghania bS Chand & Co,c2013.aNew Delhi: a800p aDifferential Equations cBK2ddch515.35iRAI/Ok515.35mRAI/O